| 000 | 01277nam a22002417a 4500 | ||
|---|---|---|---|
| 005 | 20240530110426.0 | ||
| 008 | 150205s2009 ua g 000 0 ara d | ||
| 017 |
_a2008/1757 _bمصر . دار الكتب المصرية |
||
| 040 | _aEG-CaGPL | ||
| 041 | 0 | _aara | |
| 082 | 0 | 4 |
_221 _a342.06\ _bخ و |
| 100 | 0 | _aخالد عبدالفتاح محمد | |
| 245 | 1 | 2 |
_aالوجيز فى احكام تقارير الكفاية و ضم مدد الخدمة : _bتقارير الكفاية - ضم مدة الخدمة العملية - ضم مدة الخدمة العسكرية - و الاستبقاء و الاحتياط - سحب مدد الخدمة فى ضوء احكام المحكمة الادارية العليا حتى عام 2008 / _cخالد عبدالفتاح محمد |
| 250 | _aط1 | ||
| 260 |
_aالقاهرة : _bالمركز القومى للاصدارات القانونية ، _c2009 |
||
| 300 |
_a190 ص ، _c24 سم |
||
| 650 | 0 | 4 |
_aالعمل و العمال _xقوانين و تشريعات |
| 650 | 0 | 4 |
_aالموظفون _xالتقارير عن |
| 650 | 0 | 4 |
_aضم خدمة المدة _xقوانين و تشريعات |
| 650 | 0 | 4 |
_aتقارير الكفاية _xقوانين و تشريعات |
| 942 |
_2ddc _cBK |
||
| 999 |
_c60758 _d60758 |
||